[Event "AUTO-OPEN-714"]
[Site "http://www.queenalice.com/game.php?id=230922"]
[Date "2007.6.26"]
[Round "1"]
[White "marlonengq"]
[Black "dante72"]
[Result "0-1"]
[WhiteElo "1380"]
[BlackElo "1620"]

1. e4 e5 2. Qh5 d6 3. Bc4 g6 4. Qf3 Qf6 5. d3 Qxf3 6. gxf3 Bg7 7. Nh3 Bxh3 8.
Bg5 Nf6 9. Nc3 c6 10. Kd1 O-O 11. Rg1 a5 12. a4 Nbd7 13. Ne2 Be6 14. h4 Nh5 15.
Ng3 Nf4 16. h5 Bxc4 17. dxc4 Nh3 18. Rh1 Nxf2+ 19. Ke1 Nxh1 20. Nxh1 f6 21. h6
fxg5 22. Ng3 Bxh6 23. Ke2 Rf6 24. Rh1 Bg7 0-1

[Event "AUTO-OPEN-714"]
[Site "http://www.queenalice.com/game.php?id=230923"]
[Date "2007.6.26"]
[Round "1"]
[White "dante72"]
[Black "marlonengq"]
[Result "1-0"]
[WhiteElo "1929"]
[BlackElo "1370"]

1. d4 d5 2. e3 e5 3. c3 exd4 4. cxd4 Nh6 5. h3 g5 6. Bd3 g4 7. Nc3 Qf6 8. Qe2 g3
9. fxg3 Bb4 10. Nf3 Bf5 11. O-O Rg8 12. Nxd5 Qd6 13. Nxb4 Qxg3 14. Bd2 Bxh3 15.
Be1 Qxg2+ 16. Qxg2 Rxg2+ 17. Kh1 Kd7 18. Ne5+ Ke6 19. b3 Nd7 20. Bc4+ Ke7 21.
Bh4+ f6 22. Nd5+ Kd6 23. Nxd7 Ng4 24. Nf4 Rh2+ 25. Kg1 b5 26. Bxb5 Rg8 27. Nxh3
Nf2+ 28. Kxh2 Ng4+ 29. Kh1 c6 30. Bc4 Re8 31. Nxf6 Rxe3 32. Kg2 Nxf6 33. Rxf6+
Kc7 34. Rf7+ Kb6 35. d5 cxd5 36. Bxd5 Re2+ 37. Bf2+ Ka5 38. Rb7 Rd2 39. Bc4 Rd6
40. Be1+ 1-0

[Event "AUTO-INT-504"]
[Site "http://www.queenalice.com/game.php?id=231045"]
[Date "2007.6.26"]
[Round "1"]
[White "evasion"]
[Black "marlonengq"]
[Result "1-0"]
[WhiteElo "1631"]
[BlackElo "1378"]

1. d4 d5 2. c4 e5 3. dxe5 Qh4 4. Nf3 Qf6 5. exf6 gxf6 6. Qxd5 c6 7. Qe4+ Ne7 8.
Qd4 Nf5 9. Qe4+ Be7 10. g3 Nd6 11. Qf4 Na6 12. Bg2 Nb4 13. Na3 Nxc4 14. Qxc4 b5
15. Qe4 f5 16. Qe5 O-O 17. O-O f6 18. Qxe7 Nd5 19. Qd6 Nb6 20. Qxc6 Bd7 21. Qd6
Rad8 22. Bh6 Nc8 23. Qd5+ Rf7 24. Nxb5 Nb6 25. Qb3 Re8 26. Nd6 Rxe2 27. Qxf7+
Kh8 28. Qf8# 1-0

[Event "AUTO-INT-504"]
[Site "http://www.queenalice.com/game.php?id=231046"]
[Date "2007.6.26"]
[Round "1"]
[White "marlonengq"]
[Black "evasion"]
[Result "0-1"]
[WhiteElo "1372"]
[BlackElo "1728"]

1. e4 e5 2. Nh3 Nf6 3. Ng5 h6 4. Nh3 Nxe4 5. Qf3 d5 6. d3 Nf6 7. Nc3 Bb4 8. a3
Ba5 9. d4 exd4 10. Qe2+ Be6 11. Nf4 dxc3 12. Nxe6 fxe6 13. b4 Bb6 14. Qxe6+ Qe7
15. Qe2 Qxe2+ 16. Bxe2 O-O 17. Bf4 Ne4 18. f3 Rxf4 19. fxe4 Rxe4 20. Rd1 c6 21.
Rd3 d4 22. Rf3 Nd7 23. Rhf1 Re7 24. Kd1 Rae8 25. Bc4+ Kh8 26. Bf7 Rf8 27. Bh5
Rxf3 28. Rxf3 Ne5 29. Rf8+ Kh7 30. h4 g6 31. Bf3 Nxf3 32. h5 Ng5 33. Rf6 Re6 34.
hxg6+ Kg7 35. Rxe6 Nxe6 0-1

[Event "AUTO-INT-504"]
[Site "http://www.queenalice.com/game.php?id=231060"]
[Date "2007.6.26"]
[Round "1"]
[White "marlonengq"]
[Black "Karrara"]
[Result "0-1"]
[WhiteElo "1368"]
[BlackElo "1542"]

1. e4 d5 2. Qh5 g6 3. Qf3 f6 4. Nh3 Bh6 5. Bb5+ Bd7 6. Qb3 Bxb5 7. Qxb5+ Nd7 8.
f4 Qc8 9. f5 c6 10. Qb4 gxf5 11. Rf1 fxe4 12. d4 Bxc1 13. Nf4 a5 14. Qa3 Nb6 15.
Nc3 Nc4 16. Qc5 Bxb2 17. Rb1 Bxc3+ 18. Kf2 Qg4 19. h3 Qxf4+ 20. Kg1 Qg3 21. Rxb7
Qe3+ 22. Kh2 Nd6 23. Qxc6+ Kf8 24. Rd7 Rc8 25. Qxc8+ Nxc8 26. Rd8+ Kf7 27. g4
Nd6 28. g5 Qxg5 0-1

[Event "AUTO-INT-504"]
[Site "http://www.queenalice.com/game.php?id=231067"]
[Date "2007.6.26"]
[Round "1"]
[White "Roheryn"]
[Black "marlonengq"]
[Result "0-1"]
[WhiteElo "1296"]
[BlackElo "1363"]

1. e4 e5 2. Nf3 Nh6 3. Nxe5 Qf6 4. d4 c5 5. Nc3 d6 6. Nf3 Bg4 7. Nd5 Qe6 8. Nc7+
Kd7 9. Nxe6 Bxe6 10. dxc5 Nc6 11. Bb5 a6 12. Ba4 b5 13. Bb3 Nb4 0-1

[Event "AUTO-INT-504"]
[Site "http://www.queenalice.com/game.php?id=231068"]
[Date "2007.6.26"]
[Round "1"]
[White "marlonengq"]
[Black "Roheryn"]
[Result "0-1"]
[WhiteElo "1386"]
[BlackElo "1440"]

1. e4 e6 2. Qf3 d5 3. Nh3 Nf6 4. d4 dxe4 5. Qb3 Nc6 6. Ng5 Nxd4 7. Qa4+ b5 8.
Qa5 Nxc2+ 9. Ke2 Nxa1 10. Ke1 Nc2+ 0-1

[Event "Let's Play Chess!"]
[Site "http://www.queenalice.com/game.php?id=1589970"]
[Date "2019.11.15"]
[Round "-"]
[White "igorjava"]
[Black "marlonengq"]
[Result "1-0"]
[WhiteElo "1953"]
[BlackElo "1370"]

1. e4 e5 2. f4 Bc5 3. Nf3 c6 4. fxe5 Qb6 5. d4 Bb4+ 6. c3 c5 7. cxb4 Qxb4+ 8.
Nc3 cxd4 9. Qxd4 Nc6 10. Qxb4 Nxb4 11. Kd1 d5 12. exd5 Ne7 13. Bc4 O-O 14. a3
Na6 15. b4 Nf5 16. Bd3 Nh6 17. h3 g5 18. Nxg5 f6 19. Nxh7 Bf5 20. Bxf5 Nxf5 21.
Nxf8 Nc7 22. Nd7 1-0

[Event "Let's Play Chess!"]
[Site "http://www.queenalice.com/game.php?id=1590690"]
[Date "2019.11.20"]
[Round "-"]
[White "charles31"]
[Black "marlonengq"]
[Result "1-0"]
[WhiteElo "1845"]
[BlackElo "1372"]

1. d4 d5 2. Nc3 e5 3. dxe5 Bc5 4. Nf3 Bg4 5. e3 d4 6. Ne4 c6 7. Nxc5 Qa5+ 8. c3
Nf6 9. b4 Qc7 10. h3 Bf5 11. exf6 b6 12. Na6 Nxa6 13. Bxa6 O-O 14. fxg7 Kxg7 15.
Bd3 Bxd3 16. Qxd3 Rad8 17. cxd4 f6 18. e4 c5 19. bxc5 bxc5 20. d5 Rfe8 21. Qe3
f5 22. Qg5+ Kf7 23. Qxf5+ Kg8 24. Bb2 Qa5+ 25. Nd2 Rf8 26. Qe5 Kf7 27. Qf6+ Ke8
28. Qe6# 1-0